Revelation illustrated and made plain. (Record no. 16988)

000 -LEADER
fixed length control field 00493nam a2200169 a 4500
001 - CONTROL NUMBER
control field :::00020360$&:&@@
003 - CONTROL NUMBER IDENTIFIER
control field OkBaRHE
005 - DATE AND TIME OF LATEST TRANSACTION
control field 20020222152343.0
008 - FIXED-LENGTH DATA ELEMENTS--GENERAL INFORMATION
fixed length control field s1973 j 000 0 eng u
040 ## - CATALOGING SOURCE
Transcribing agency
100 1# - MAIN ENTRY--PERSONAL NAME
Personal name LaHaye, Tim
245 10 - TITLE STATEMENT
Title Revelation illustrated and made plain.
260 ## - PUBLICATION, DISTRIBUTION, ETC. (IMPRINT)
Place of publication, distribution, etc Grand Rapids, MI
Name of publisher, distributor, etc Zondervan
Date of publication, distribution, etc 1973
300 ## - PHYSICAL DESCRIPTION
Extent 449 p.
942 ## - ADDED ENTRY ELEMENTS (KOHA)
Source of classification or shelving scheme
Koha item type Books
Copies
Source of classification or shelving scheme Permanent Location Lost status Date acquired Price effective from Date last seen Not for loan Withdrawn status Damaged status Koha item type Copy number Barcode Full call number Shelving location
 RHEMA Bible Training College 2010-04-142010-04-142018-04-03   Books120360BS 2825.3 .L33General Stacks